000 005660000a22001810004500
003 MACL
005 20160302114857.0
008 160302b xxu||||| |||| 00| 0 eng d
040 _aMACL
_cMACL
041 _aHindi
082 _a800
100 _aडॉ श्रीनिवास शर्मा
_941873
245 _aहिन्‍दी साहित्‍य का इतिहास
260 _bतक्षशिला प्रकाशन
_c1978
_aदिल्‍ली
350 _a30
650 _aLiteracture
_941874
942 _cHIN
_k800
_2ddc
999 _c26905
_d26905